书目信息 |
| 题名: |
建筑构造
|
|
| 作者: | 李必瑜 主编 | |
| 分册: | ||
| 出版信息: | 北京 中国建筑工业出版社 1998.01 |
|
| 页数: | 197页 | |
| 开本: | 16开 | |
| 丛书名: | ||
| 单 册: | ||
| 中图分类: | TU22-43 | |
| 科图分类: | ||
| 主题词: | 建筑构造--结构设计 | |
| 电子资源: | ||
| ISBN: | 7-112-02831-0 | |
| 000 | 00548nam0 2200193 45 | |
| 001 | 0102231567 | |
| 005 | 20010223152839.3 | |
| 010 | @a7-112-02831-0@d17.00元 | |
| 100 | @a20010223d1998 km y0chiy0120 ea | |
| 101 | 0 | @achi |
| 105 | @a z 000yy | |
| 200 | 1 | @a建筑构造@AJian Zhu Gou Zao@f李必瑜主编@FLi Bi Yu Zhu Bian |
| 210 | @a北京@c中国建筑工业出版社@d1998.01 | |
| 215 | @a197页@d16开 | |
| 606 | 0 | @a建筑构造@x结构设计 |
| 690 | @aTU22-43@v3 | |
| 701 | 0 | @a李必瑜@4主编 |
| 801 | @aCN@bPftUser@c20010223 | |
| 905 | @b323997-999@dTU22-43@eL907/1@f3 | |
| 建筑构造/李必瑜主编.-北京:中国建筑工业出版社,1998.01 |
| 197页;16开 |
| ISBN 7-112-02831-0:17.00元 |
| ● |
| 相关链接 |
|
|
|
正题名:建筑构造
索取号:TU22-43/L907/1
 
预约/预借
| 序号 | 登录号 | 条形码 | 馆藏地/架位号 | 状态 | 备注 |
| 1 | 323997 | 203239977 | 建筑库101/101建筑库 46排7列1层/ [索取号:TU22-43/L907/1] | 在馆 | |
| 2 | 323998 | 203239986 | 建筑库101/101建筑库 46排7列1层/ [索取号:TU22-43/L907/1] | 在馆 | |
| 3 | 323999 | 203239995 | 建筑库101/101建筑库 46排7列1层/ [索取号:TU22-43/L907/1] | 在馆 |